Obce okresu Přerov - Statistics

General Stats
  • This quiz has been taken 126 times
  • The average score is 31 of 105
Answer Stats
Počet obyvatel Odpověď % Correct
40 906 Přerov
100%
5 748 Kojetín
86%
1 844 Brodek u Přerova
77%
17 969 Hranice
77%
7 955 Lipník nad Bečvou
77%
2 467 Tovačov
73%
2 009 Troubky
68%
1 358 Osek nad Bečvou
59%
1 460 Dřevohostice
55%
1 676 Horní Moštěnice
55%
1 751 Hustopeče nad Bečvou
55%
346 Lhota
55%
1 237 Potštát
55%
438 Teplice nad Bečvou
55%
1 854 Bělotín
50%
1 087 Kokory
50%
806 Prosenice
50%
162 Grymov
45%
854 Týn nad Bečvou
45%
207 Věžky
45%
994 Bochoř
41%
260 Dolní Nětčice
41%
1 255 Dolní Újezd
41%
232 Horní Nětčice
41%
310 Milotice nad Bečvou
41%
372 Buk
36%
796 Černotín
36%
531 Domaželice
36%
424 Horní Újezd
36%
1 532 Rokytnice
36%
600 Soběchleby
36%
268 Špičky
36%
373 Býškovice
32%
332 Čechy
32%
661 Jezernice
32%
722 Pavlovice u Přerova
32%
535 Ústí
32%
533 Citov
27%
226 Hlinsko
27%
68 Lhotka
27%
706 Lobodice
27%
696 Měrovice nad Hanou
27%
804 Opatovice
27%
533 Partutovice
27%
202 Radkova Lhota
27%
409 Rakov
27%
457 Říkovice
27%
866 Střítež nad Ludinou
27%
921 Veselíčko
27%
900 Všechovice
27%
526 Želatovice
27%
63 Dolní Těšice
23%
151 Horní Těšice
23%
338 Hrabůvka
23%
495 Jindřichov
23%
151 Kladníky
23%
257 Klokočí
23%
110 Oldřichov
23%
525 Olšovec
23%
388 Paršovice
23%
303 Polom
23%
147 Radkovy
23%
1 128 Radslavice
23%
673 Skalička
23%
236 Stříbrnice
23%
245 Žákovice
23%
342 Hradčany
18%
409 Křtomil
18%
181 Lazníčky
18%
543 Lazníky
18%
116 Luboměř pod Strážnou
18%
359 Malhotice
18%
503 Polkovice
18%
157 Radíkov
18%
176 Radotín
18%
274 Radvanice
18%
270 Rouské
18%
315 Sušice
18%
433 Tučín
18%
288 Výkleky
18%
665 Beňov
14%
186 Bezuchov
14%
319 Bohuslávky
14%
130 Čelechovice
14%
452 Křenovice
14%
260 Lipová
14%
435 Milenov
14%
375 Oplocany
14%
85 Oprostovice
14%
216 Šišma
14%
535 Uhřičice
14%
177 Zábeštní Lhota
14%
323 Císařov
9%
161 Nahošovice
9%
198 Podolí
9%
248 Přestavlky
9%
619 Stará Ves
9%
677 Vlkoš
9%
228 Zámrsky
9%
257 Líšná
5%
194 Nelešovice
5%
162 Provodovice
5%
152 Sobíšky
5%
246 Turovice
5%
232 Dobrčice
0%
No matching quizzes found
Score Distribution
Percent of People with Each Score
Percentile by Number Answered
Your Score History
You have not taken this quiz